000 00292nam a22001337a 4500
008 170803b xxu||||| |||| 00| 0 eng d
020 _a9780130293633
041 _aeng
080 _22ND
_a004
100 _a32
101 _aSHK
245 _aVISUAL BASIC. NET
_cDEITEL,H.M
942 _2udc
_cBK
999 _c22597
_d22597